000 00282nam a22001337a 4500
008 181016b xxu||||| |||| 00| 0 eng d
020 _a9781582700670
041 _aeng
080 _a371
100 _a25
101 _aEDU
245 _aGeneration Fix
_cRusch,E
942 _2udc
_cBK
999 _c49896
_d49896